• 首页
  • 本馆介绍
  • 公告通知
  • 最新文献
  • 馆藏检索
  • 电子资源
  • 读者导购
  • 参考咨询
  • 我的图书馆
  • 登录
  • 详细信息显示
  • 放入我的书架
  • 预约/预借图书
  • 作者相关作品
  • 分类相关作品
  • 丛书相关作品
  • 出版社相关作品

书目信息

  • 表格格式
  • 工作单格式
  • 卡片格式
题名:
图说桃高效栽培关键技术
    
 
作者: 汪景彦 , 崔金涛 主编
分册:  
出版信息: 北京   机械工业出版社  2019
页数: 114页
开本: 21cm
丛书名: 图说高效栽培直通车
单 册:
中图分类: S662.1-64
科图分类:
主题词: 桃--tao--果树园艺--图解
电子资源:
ISBN: 978-7-111-54710-5
000 01184nam 2200301 45
001 012001003284
005 20140129171010.0
010    @a978-7-111-54710-5@dCNY25.00
099    @aCAL 012016129688
100    @a20160922d2016 em y0chiy50 ea
101 0  @achi
102    @aCN@b110000
105    @aak a 000yy
106    @ar
200 1  @a图说桃高效栽培关键技术@Atu shuo tao gao xiao zai pei guan jian ji shu@f主编汪景彦, 崔金涛
205    @a全彩版
210    @a北京@c机械工业出版社@d2019
215    @a114页@c彩图@d21cm
225 2  @a图说高效栽培直通车@Atu shuo gao xiao zai pei zhi tong che
320    @a有书目 (第114页)
330    @a本书以图说的形式较详尽地总结了燕特红桃早丰高产、优质高效的栽培技术和经验。桃树以密植为主, 采用主干形整形, 栽后加强综合管理, 培养强壮树势。立足当地, 也参考许多权威著作和文章, 目的是让桃农迅速掌握桃树的管理技术和经验, 家家学会管桃树, 人人掌握新技术, 管好桃树, 早达小康。
410  0 @12001 @a图说高效栽培直通车
606 0  @a桃@Atao@x果树园艺@j图解
690    @aS662.1-64@v5
701  0 @a汪景彦@Awang jing yan@4主编
701  0 @a崔金涛@Acui jin tao@4主编
801  2 @aCN@b北京卓展@c20191020
905    @b1211074-7@dS662.1-64@e574@f4
    
    图说桃高效栽培关键技术/主编汪景彦, 崔金涛.-全彩版.-北京:机械工业出版社,2019
    114页:彩图;21cm.-(图说高效栽培直通车)
    
    
    ISBN 978-7-111-54710-5:CNY25.00
    本书以图说的形式较详尽地总结了燕特红桃早丰高产、优质高效的栽培技术和经验。桃树以密植为主, 采用主干形整形, 栽后加强综合管理, 培养强壮树势。立足当地, 也参考许多权威著作和文章, 目的是让桃农迅速掌握桃树的管理技术和经验, 家家学会管桃树, 人人掌握新技术, 管好桃树, 早达小康。
●
相关链接 在E读中查询图书 在五车中查询图书 在当当中查询图书 在豆瓣中查询图书


正题名:图说桃高效栽培关键技术     索取号:S662.1-64/574         预约/预借

序号 登录号 条形码 馆藏地/架位号 状态 备注
1 1211074   212110749   第二样本阅览室/ [索取号:S662.1-64/574] 在馆    
2 1211075   212110758   第三借阅区/ [索取号:S662.1-64/574] 在馆    
3 1211076   212110767   第三借阅区/ [索取号:S662.1-64/574] 在馆    
4 1211077   212110776   第三借阅区/ [索取号:S662.1-64/574] 在馆    
唐山师范学院图书馆 欢迎您!
大连网信软件有限公司© 版权所有